Blanca montaña: arquitectura reciente en Chile
Gardado en:
| Main Authors: | , , |
|---|---|
| Formato: | Libro |
| Idioma: | Lingua castelá |
| Publicado: |
Santiago
Puro Chile
2010
|
| Edición: | 1a. ed |
| Subjects: | |
| Tags: |
Engadir etiqueta
Sen Etiquetas, Sexa o primeiro en etiquetar este rexistro!
|
MARC
| LEADER | 00000cam a2200000 a 4500 | ||
|---|---|---|---|
| 001 | UCE5041 | ||
| 003 | CL-VaPUC | ||
| 008 | 141127e20100000cl |||||||||||||||||spa|d | ||
| 020 | |a 9789569016004 | ||
| 082 | 0 | 4 | |a 720.983 |b ADR |2 21 |
| 100 | 0 | |a Adriá, Miquel |e author |9 577529 | |
| 700 | 0 | |a Allard, Pablo |e author |9 577530 | |
| 700 | 0 | |a Atria, Maximiano |e author |9 577531 | |
| 245 | 1 | 0 | |a Blanca montaña: arquitectura reciente en Chile |
| 246 | 1 | 0 | |a White mountain: recent architecture in Chile |
| 250 | |a 1a. ed | ||
| 300 | |a 501 p | ||
| 942 | |c BK | ||
| 945 | |d 20141127 16:34:00 |a arojas | ||
| 260 | |a Santiago |b Puro Chile |c 2010 | ||
| 650 | 0 | |a Arquitectura |9 804558 | |
| 650 | 0 | |a Arquitectura chilena |9 265393 | |
| 650 | 0 | |a Arquitectura moderna |9 265021 | |
| 650 | 7 | |a OBRAS ARQUITECTONICAS |2 CL-VaPUC |9 370633 | |
| 650 | 7 | |a PATRIMONIO HISTORICO |2 CL-VaPUC |9 519787 | |
| 651 | 7 | |a CHILE |2 CL-VaPUC |9 577533 | |
| 583 | |a last modification |c 20141209 02:01:17 |k Rodrigo Vera | ||
| 999 | |c 357869 |d 357867 | ||
| 952 | |0 0 |1 0 |3 erd |4 0 |6 720_983000000000000_ADR_2010 |7 0 |8 R |9 465987 |a BIBART |b BIBART |i 5126924 |o 720.983 ADR 2010 |p 5126924 |r 2025-03-13 |w 2019-11-23 |y BK_R |z Catalogado en:20141127 |k ART | ||
| 952 | |0 0 |1 0 |3 erd |4 0 |6 720_983000000000000_ADR_2010 |7 0 |8 A |9 465988 |a BIBHIS |b BIBHIS |i 5128633 |o 720.983 ADR 2010 |p 5128633 |r 2025-01-20 |w 2019-11-23 |y BK |z Catalogado en:20141204 |k HIS | ||
| 952 | |0 0 |1 0 |3 erd |4 0 |6 720_983000000000000_ADR_2010 |7 0 |8 A |9 465989 |a BIBARQ |b BIBARQ |i 5129052 |l 4 |m 3 |o 720.983 ADR 2010 |p 5129052 |r 2025-05-02 |s 2025-04-16 |w 2019-11-23 |y BK |z Catalogado en:20141211 |k ARQ | ||
| 952 | |0 0 |1 0 |3 erd |4 0 |6 720_983000000000000_ADR_2010 |7 0 |8 A |9 465990 |a BIBHIS |b BIBHIS |i 5129060 |o 720.983 ADR 2010 |p 5129060 |r 2025-01-20 |w 2019-11-23 |y BK |z Catalogado en:20141211 |k HIS | ||